10 most visited countries 2019 - Statistics

General Stats
  • This quiz has been taken 45 times
  • The average score is 9 of 10
Answer Stats
Rank Answer % Correct
2 France
100%
1 Spain
100%
5 United States
100%
3 Germany
97%
6 United Kingdom
97%
9 Canada
95%
7 Australia
92%
8 Italy
92%
4 Japan
87%
10 Switzerland
44%
No matching quizzes found
Score Distribution
Percent of People with Each Score
Percentile by Number Answered
Your Score History
You have not taken this quiz